000 00618nam a2200241Ia 4500
003 OSt
005 20250829180358.0
008 210423s2015 xx 000 0 und d
020 _a978-0-415-46981-4
040 _cAL
041 _aEnglish
082 _a331
_bSLOM
100 _aPeter Sloane
_997304
245 _aModern labour economics
260 _aNew York
_bRoutledge
_c2015
300 _axiv,382
_bPB
365 _b1295
_cINR
650 _aLabour Economics
_997305
700 _aLatreille, Paul
_9237881
700 _aO Leary, Nigel
_9237882
906 _aeconomics ; labour ; Modern
942 _2ddc
_cBK
999 _c171014
_d171014